Countries Ismail Sabri Yaakob - Statistics

General Stats
  • This quiz has been taken 19 times
  • The average score is 8 of 12
Answer Stats
Continent Country % Correct
North America United States of America
91%
Asia Indonesia
82%
Asia Japan
82%
Europe United Kingdom
82%
Asia Singapore
73%
Asia Thailand
73%
Asia Vietnam
73%
Asia Cambodia
64%
Asia/ Europe Turkey
64%
Asia Brunei
55%
Asia United Arab Emirates
55%
Asia Qatar
27%
No matching quizzes found
Score Distribution
Percent of People with Each Score
Percentile by Number Answered
Your Score History
You have not taken this quiz